000 00832nam a22002057a 4500
999 _c4938
_d4938
003 AR-CdUCM
008 190311b ||||| |||| 00| 0 spa d
040 _aMUNICIPALIDAD PROVINCIAL DEL CUSCO
_cBIBLIOTECA MUNICIPAL DEL CUSCO
082 _a401 /
_bR91
100 _aRubakin, Nikolai
_915145
245 _aEl origen de los idiomas humanos /
300 _a78 paginas ;
_c18 cm.
500 _aDonación familia Nieto.
505 _aContenido :Cuantos idiomas distintos hay en el mundo -- Que son raíces, prefijos y sufijos -- Como inventan los niños palabras nuevas -- El idioma humano no ningún milagro -- Como, porque y de donde aparecen idiomas nuevos en el mundo ...
650 _aLenguaje y lenguas
_912915
650 _aLingüística histórica
_915146
650 _aOrigen
_915147
942 _2ddc
_cLIBROS
945 _arum